000 00682nam a2200241Ia 4500
003 OSt
005 20220918192814.0
006 a|||||r|||| 00| 0
007 ta
008 220917b |||||||| |||| 00| 0 eng d
024 _a70,417
037 _cTextual
040 _aARTS
_cARTS
_beng
041 _2eng
_aeng
082 _aR3M3, L1
100 _aKoestenbaum Peter
_980247
245 0 _aVitality of death
_b essays in existential psychology an dphilosophy
260 _aConnectiout
_bGreenwood
_c1971
300 _axi,589p.
_ccm.
490 _aContributions in philosophy; 5
942 _hR3M3, L1
_cTEXL
_2CC
999 _c196515
_d196515